000 00565nam a22001937a 4500
999 _c4426
_d4426
003 AR-CdUCM
008 190308b ||||| |||| 00| 0 spa d
040 _aMUNICIPALIDAD PROVINCIAL DEL CUSCO
_cBIBLIOTECA MUNICIPAL DEL CUSCO
082 _22ed.
_a869.333 /
_bM65T
100 _aMistral, Gabriela
_913947
245 _aTala :
_bpoemas /
260 _aBuenos Aires :
_bLosada,
_c1953.
300 _a158 páginas ;
_c18 cm.
500 _aDonación familia Nieto
650 _aPoesías chilenas
_92361
650 _aSiglo XX.
_98
942 _2ddc
_cLIBROS
945 _aafb